[Event "Malgrat del Mar op"]
[Site "Malgrat del Mar"]
[Date "1997.04.19"]
[Round "5"]
[White "Romero Torrents, Josep"]
[Black "Ribas Carbo, Miguel"]
[Result "0-1"]
[WhiteElo "1840"]
[BlackElo "1895"]
[PlyCount "96"]
[EventDate "1997.??.??"]
[EventType "swiss"]
[EventRounds "9"]
[EventCountry "ESP"]
[SourceTitle "EXT 2003"]
[Source "ChessBase"]
[SourceDate "2002.11.25"]
[SourceVersion "1"]
[SourceVersionDate "2002.11.25"]
[SourceQuality "1"]

1. e4 d5 2. exd5 Nf6 3. Bb5+ Bd7 4. Bxd7+ Qxd7 5. Nf3 Nxd5 6. 0-0 Nc6 7. Nc3 Nxc3 8. dxc3 0-0-0 9. Be3 e5 10. Qxd7+ Rxd7 11. Rad1 Bd6 12. Rd2 Rhd8 13. Rfd1 Be7 14. Rxd7 Rxd7 15. Re1 f6 16. Kf1 Nd8 17. Ke2 Ne6 18. Rd1 Rxd1 19. Kxd1 Bc5 20. Ke2 Bxe3 21. Kxe3 Nc5 22. b3 Kd7 23. Nd2 Ke6 24. f3 Kd5 25. c4+ Kd6 26. b4 Nd7 27. c3 b6 28. Ne4+ Ke6 29. h4 c5 30. a4 h6 31. g4 g6 32. g5 fxg5 33. hxg5 h5 34. f4 a5 35. bxa5 bxa5 36. Kf3 h4 37. fxe5 Kxe5 38. Nd2 Kf5 39. Nb3 Ne5+ 40. Kg2 Nxc4 41. Nxc5 Kxg5 42. Kh3 Kh5 43. Ne4 g5 44. Nf6+ Kg6 45. Ng4 Kf5 46. Nh6+ Kf4 47. Kg2 Nb6 48. Nf7 Nxa4 0-1

[Event "Malgrat del Mar op"]
[Site "Malgrat del Mar"]
[Date "1997.04.12"]
[Round "4"]
[White "Urresti Vazquez, Rosemberg"]
[Black "Romero Torrents, Josep"]
[Result "1-0"]
[WhiteElo "2030"]
[BlackElo "1840"]
[PlyCount "57"]
[EventDate "1997.??.??"]
[EventType "swiss"]
[EventRounds "9"]
[EventCountry "ESP"]
[SourceTitle "EXT 2003"]
[Source "ChessBase"]
[SourceDate "2002.11.25"]
[SourceVersion "1"]
[SourceVersionDate "2002.11.25"]
[SourceQuality "1"]

1. d4 d5 2. c4 e6 3. Nc3 Nf6 4. Bg5 Be7 5. Qc2 Nbd7 6. cxd5 exd5 7. e3 0-0 8. Bd3 h6 9. Bf4 b6 10. Bb5 Bb7 11. a3 c5 12. Nf3 cxd4 13. Nxd4 Rc8 14. Qf5 Nc5 15. 0-0 a6 16. Be2 Nce4 17. Nxe4 Nxe4 18. Bd3 Bc5 19. f3 g6 20. Qh3 Bxd4 21. exd4 g5 22. Be3 Qd6 23. fxe4 dxe4 24. Bb1 Bc6 25. Qf5 Rce8 26. Ba2 Re7 27. Qf6 Qd7 28. d5 Bb5 29. Bd4 1-0